Armas de la contra van para el narcotráfico
Salvato in:
| Natura: | testo |
|---|---|
| Soggetti: | |
| Tags: |
Aggiungi Tag
Nessun Tag, puoi essere il primo ad aggiungerne!!
|
MARC
| LEADER | 00000 a a2200000 04500 | ||
|---|---|---|---|
| 001 | 1406 | ||
| 003 | |||
| 040 | |||
| 245 | |a Armas de la contra van para el narcotráfico | ||
| 650 | |a TRAFICO DE DROGAS | ||
| 650 | |a ARMAS | ||
| 650 | |a CONFLICTOS | ||
| 650 | |a NICARAGUA | ||
| 773 | |g número 70; páginas 6-7 | ||
| 999 | |c 28178 |d 28178 | ||
